<?xml version="1.0" encoding="UTF-8"?>
<record
    xmlns:xsi="http://www.w3.org/2001/XMLSchema-instance"
    xsi:schemaLocation="http://www.loc.gov/MARC21/slim http://www.loc.gov/standards/marcxml/schema/MARC21slim.xsd"
    xmlns="http://www.loc.gov/MARC21/slim">

  <leader>01035nam a2200205Ia 4500</leader>
  <datafield tag="952" ind1=" " ind2=" ">
    <subfield code="0">0</subfield>
    <subfield code="1">0</subfield>
    <subfield code="2">lcc</subfield>
    <subfield code="4">0</subfield>
    <subfield code="7">0</subfield>
    <subfield code="a">01</subfield>
    <subfield code="b">01</subfield>
    <subfield code="d">2022-10-06</subfield>
    <subfield code="l">0</subfield>
    <subfield code="o">GM133 M34 A95</subfield>
    <subfield code="p">16 002389</subfield>
    <subfield code="r">2023-07-12</subfield>
    <subfield code="t">1</subfield>
    <subfield code="w">2022-10-06</subfield>
    <subfield code="y">LB</subfield>
  </datafield>
  <datafield tag="999" ind1=" " ind2=" ">
    <subfield code="c">68691</subfield>
    <subfield code="d">68691</subfield>
  </datafield>
  <controlfield tag="008">120626s9999    mx            000 0 spa d</controlfield>
  <datafield tag="020" ind1=" " ind2=" ">
    <subfield code="a">9681842065</subfield>
  </datafield>
  <datafield tag="050" ind1=" " ind2=" ">
    <subfield code="a">GM133</subfield>
    <subfield code="b">M34 A95</subfield>
  </datafield>
  <datafield tag="100" ind1=" " ind2=" ">
    <subfield code="a">Ayll&#xF3;n Torres, Ma. Teresa </subfield>
    <subfield code="e">autor </subfield>
  </datafield>
  <datafield tag="245" ind1=" " ind2=" ">
    <subfield code="a">M&#xE9;xico</subfield>
    <subfield code="b">: sus recursos naturales y su poblaci&#xF3;n</subfield>
    <subfield code="c">/ Ayll&#xF3;n Ma. Teresa</subfield>
  </datafield>
  <datafield tag="250" ind1=" " ind2=" ">
    <subfield code="a">2a. edici&#xF3;n</subfield>
  </datafield>
  <datafield tag="260" ind1=" " ind2=" ">
    <subfield code="a">M&#xE9;xico</subfield>
    <subfield code="b">: Limusa</subfield>
    <subfield code="c">, 1993</subfield>
  </datafield>
  <datafield tag="300" ind1=" " ind2=" ">
    <subfield code="a">288 p&#xE1;ginas</subfield>
    <subfield code="b">: ilustraciones</subfield>
  </datafield>
  <datafield tag="505" ind1=" " ind2=" ">
    <subfield code="a">I. Situaci&#xF3;n, l&#xED;mites y extensi&#xF3;n
II. Evoluci&#xF3;n geol&#xF3;gica y morfol&#xF3;gica de M&#xE9;xico
III. Sismicidad y vulcanismo
IV. Clima de la rep&#xFA;blica mexicana
V. Suelos
VI. Hidrograf&#xED;a
VII. Poblaci&#xF3;n
VIII. Agricultura y ganader&#xED;a
IX. Exportaci&#xF3;n forestal
X. Pesca
XI. Miner&#xED;a
XII. Industria
XIII. Comercio
XIV. Comunicaciones y transportes
XV. Regiones geoecon&#xF3;micas
XVI. Distrito Federal</subfield>
  </datafield>
  <datafield tag="519" ind1=" " ind2=" ">
    <subfield code="a"> Material complementario /</subfield>
    <subfield code="d"> 16 002389</subfield>
  </datafield>
  <datafield tag="650" ind1=" " ind2="0">
    <subfield code="a">GEOGRAFIA FISICA</subfield>
  </datafield>
  <datafield tag="650" ind1=" " ind2="0">
    <subfield code="a">GEOGRAF&#xCD;A ECON&#xD3;MICA</subfield>
    <subfield code="z"> M&#xC9;XICO</subfield>
  </datafield>
  <datafield tag="700" ind1=" " ind2=" ">
    <subfield code="a">Ch&#xE1;vez Flores, Jos&#xE9; </subfield>
    <subfield code="e">autor</subfield>
  </datafield>
  <datafield tag="942" ind1=" " ind2=" ">
    <subfield code="c">LB</subfield>
    <subfield code="2">lcc</subfield>
  </datafield>
</record>
